Carregant...
The essence of information systems
| Autor principal: | |
|---|---|
| Format: | Printed Book |
| Publicat: |
New Delhi
PHI
1991
|
| Matèries: |
| LEADER | 00470nam a22001457a 4500 | ||
|---|---|---|---|
| 020 | |a 81 203 0910 3 | ||
| 082 | |a 001.42 |b EDW/T | ||
| 100 | |a Chris Edwards |9 179271 | ||
| 245 | |a The essence of information systems | ||
| 260 | |a New Delhi |b PHI |c 1991 | ||
| 300 | |a 179p | ||
| 650 | |a Information System |9 179272 | ||
| 942 | |c GB | ||
| 999 | |c 192017 |d 192013 | ||
| 952 | |0 0 |1 0 |4 0 |6 001_420000000000000_EDW_T |7 0 |8 G |9 192841 |a SMBS |b SMBS |d 2018-01-16 |l 0 |o 001.42 EDW/T |p SMBSG51 |r 2018-01-16 |w 2018-01-16 |y BK | ||